Un proyecto de investigación en educación artística: aspectos identitarios de las maestras chilenas /
Gespeichert in:
| 1. Verfasser: | |
|---|---|
| Format: | Buch |
| Sprache: | Spanish |
| Veröffentlicht: |
2010
|
| Schlagworte: | |
| Online Zugang: | https://uir.inie.ucr.ac.cr/cgi-bin/koha/opac-retrieve-file.pl?id=83d53efc7c4c3b182fe125736eae9b39 |
| Tags: |
Tag hinzufügen
Keine Tags, Fügen Sie den ersten Tag hinzu!
|
MARC
| LEADER | 00000nam a2200000 4500 | ||
|---|---|---|---|
| 005 | 20240718161302.0 | ||
| 008 | 230306b2010 a|||| |||| 00| | spa d | ||
| 090 | |a 06.02.01 | ||
| 100 | |a Huerta, Ricard |9 4865 | ||
| 245 | |a Un proyecto de investigación en educación artística: aspectos identitarios de las maestras chilenas / |c Ricard Huerta | ||
| 260 | |c 2010 | ||
| 300 | |a 29 páginas; |b 1 recurso en línea; PDF | ||
| 650 | 1 | 4 | |a EDUCACIÓN ARTÍSTICA |9 840 |
| 650 | 1 | 4 | |a DOCENTES |9 331 |
| 650 | 1 | 4 | |a MUSEOS |9 1004 |
| 650 | 1 | 4 | |a IDENTIDAD |9 1044 |
| 650 | 1 | 4 | |a CREATIVIDAD |9 861 |
| 856 | |u https://uir.inie.ucr.ac.cr/cgi-bin/koha/opac-retrieve-file.pl?id=83d53efc7c4c3b182fe125736eae9b39 | ||
| 942 | |i PDF007 |h 06.02.01 |2 z |c 08 |h 06.02.01 |6 060201_PDF007 | ||
| 999 | |c 3997 |d 3997 | ||
